Welcome to CU Library Online Public Access Catalogue (OPAC)

Practical public relations / (Record no. 2983)

MARC details
000 -LEADER
fixed length control field 00623nam a2200217 i 4500
001 - CONTROL NUMBER
control field 4143047
005 - DATE AND TIME OF LATEST TRANSACTION
control field 20250124110544.0
008 - FIXED-LENGTH DATA ELEMENTS--GENERAL INFORMATION
fixed length control field 770310s1976 enk b 001 0 eng
020 ## - INTERNATIONAL STANDARD BOOK NUMBER
International Standard Book Number 0273000675 :
Terms of availability £3.50
050 00 - LIBRARY OF CONGRESS CALL NUMBER
Classification number HM263
Item number .B54 1976
082 00 - DEWEY DECIMAL CLASSIFICATION NUMBER
Classification number 659.2
100 1# - MAIN ENTRY--PERSONAL NAME
Personal name Black, Sam,
Dates associated with a name 1915-
245 10 - TITLE STATEMENT
Title Practical public relations /
Statement of responsibility, etc. [by] Sam Black ; with a foreword by F. C. Gillman.
250 ## - EDITION STATEMENT
Edition statement 4th ed.
260 ## - PUBLICATION, DISTRIBUTION, ETC.
Place of publication, distribution, etc. London :
Name of publisher, distributor, etc. Pitman,
Date of publication, distribution, etc. 1976.
300 ## - PHYSICAL DESCRIPTION
Extent xiii, 229 p. ;
Dimensions 22 cm.
500 ## - GENERAL NOTE
General note "A Pitman international text."
500 ## - GENERAL NOTE
General note Includes index.
650 #0 - SUBJECT ADDED ENTRY--TOPICAL TERM
Topical term or geographic name entry element Public relations.
942 ## - ADDED ENTRY ELEMENTS (KOHA)
Source of classification or shelving scheme Library of Congress Classification
Koha item type Books
Suppress in OPAC No
999 ## -
-- 2983
-- 2983
Holdings
Withdrawn status Lost status Source of classification or shelving scheme Damaged status Not for loan Collection Home library Current library Shelving location Date acquired Total checkouts Full call number Barcode Date last seen Copy number Price effective from Koha item type
    Library of Congress Classification     Non-fiction Undergraduate Library (Christ Temple) Undergraduate Library (Christ Temple) General stacks 01/24/2025   HM263 BLA ulct00000905 01/24/2025 1 01/24/2025 Books
© 2023-2024 Copyright: Central University Libraries. All Rights Reserved | Created by: Mahone Tech Office